| 000 | 00648nam a22001817a 4500 | ||
|---|---|---|---|
| 003 | BD-DhUL | ||
| 005 | 20170508170313.0 | ||
| 008 | 170508b1999 bg ||||| |||| 00| 0 ben d | ||
| 040 | _cBD-DhUL | ||
| 082 |
_a891.441 _bJAN |
||
| 100 | _aজাফর, জাকির আবু | ||
| 245 |
_aনন্দিত বেদনা / _cজাকির আবু জাফর |
||
| 260 |
_aঢাকা : _bএপারেন্ট মিডিয়া, _c১৯৯৯ |
||
| 300 |
_a৪৮ পৃ. : _c২১ সে.মি. |
||
| 650 | _aবাংলা সাহিত্য-কবিতা | ||
| 651 | _2Bengali literature-poetry | ||
| 942 |
_2ddc _cBK |
||
| 999 |
_c194612 _d194612 |
||